00442nam a2200157Ia 4500008004100000020002100041041000800062082002000070100001900090245007300109260004500182300000800227365001200235650001800247700001900265140306s9999 xx 000 0 und d a81 242 0131 5 aeng a658bGAR/EN -16 aGarreff, Helen aEncyclopaedia of practical management training : opportunities V .16 aNew DelhibCrest Publishing Housec 1998 a120 bRs .470 aOrganizations aTaylor, Judith